| 000 | 00511pam a2200193 a 4500 | ||
|---|---|---|---|
| 020 | _a0070177872 : | ||
| 040 | _cDLC | ||
| 082 | 0 | 0 | _a339 MCG 1990 A070 Or. |
| 100 | 1 | _aDornbusch, Rudiger. | |
| 245 | 1 | 0 | _aMacroeconomics / |
| 250 | _a5th ed. | ||
| 260 |
_aNew York : _bMcGraw-Hill, _cc1990. |
||
| 300 |
_axv, 828 p. : _bill. ; _c25 cm. |
||
| 500 | _aRev. ed. of: Macro-economics. 4th ed. c1987. | ||
| 650 | 0 | _aMacroeconomics. | |
| 700 | 1 | _aFischer, Stanley. | |
| 700 | 1 | _aDornbusch, Rudiger. | |
| 942 | _cEK | ||
| 999 |
_c14834 _d14834 |
||